[Event "TUR-ch (Women)"]
[Site "Ankara"]
[Date "2020.03.05"]
[Round "6"]
[White "Aslan, Cagla Yaren"]
[Black "Gundogan, Sinem Cagla"]
[Result "0-1"]
[WhiteElo "1847"]
[BlackElo "1833"]
[PlyCount "86"]
[EventDate "2020.03.02"]
[EventType "swiss"]
[EventRounds "9"]
[EventCountry "TUR"]
[SourceTitle "CBM 195 Extra"]
[Source "ChessBase"]
[SourceDate "2020.05.31"]
[SourceVersion "1"]
[SourceVersionDate "2020.05.31"]
[SourceQuality "1"]

1. Nf3 d5 2. e3 Nf6 3. c4 e6 4. d4 Be7 5. Nc3 0-0 6. Bd3 Nbd7 7. 0-0 c6 8. cxd5 exd5 9. Qc2 h6 10. Na4 Qc7 11. Bd2 a5 12. Rfc1 Qb8 13. a3 b5 14. Nc3 Bb7 15. Ne2 Re8 16. Nf4 Bd6 17. Bf5 Nb6 18. h4 Nc4 19. Nd3 Ne4 20. b4 Qd8 21. Nc5 Bxc5 22. dxc5 axb4 23. Bxb4 Qf6 24. Bxe4 dxe4 25. Bc3 Qe7 26. Nd2 Nxd2 27. Qxd2 Qxh4 28. Qd7 Re7 29. Qd4 Qg5 30. Kh2 Re6 31. Rd1 Rae8 32. g3 Bc8 33. Rh1 Rd8 34. Qb4 Qh5+ 35. Kg1 Qf3 36. Bd4 Rg6 37. Qe1 Rd5 38. Rh4 Rdg5 39. Kh2 Rh5 40. Rxh5 Qxh5+ 41. Kg1 Bg4 42. f4 Bf3 43. Qa5 Rxg3+ 0-1

[Event "TUR-chT 1st League"]
[Site "Konya"]
[Date "2019.07.26"]
[Round "7.6"]
[White "Aslan, Cagla Yaren"]
[Black "Kazimova, Narmin Nizami Qizi"]
[Result "0-1"]
[WhiteElo "1840"]
[BlackElo "2256"]
[PlyCount "60"]
[EventDate "2019.07.22"]
[EventType "team-swiss"]
[EventRounds "9"]
[EventCountry "TUR"]
[SourceTitle "CBM 191 Extra"]
[Source "ChessBase"]
[SourceDate "2019.09.30"]
[SourceVersion "1"]
[SourceVersionDate "2019.09.30"]
[SourceQuality "1"]
[WhiteTeam "Bogazici Universitesi"]
[BlackTeam "Yalova Belediye"]
[WhiteTeamCountry "TUR"]
[BlackTeamCountry "TUR"]

1. d4 Nf6 2. Nf3 e6 3. c4 b6 4. e3 Bb7 5. Bd3 Ne4 6. 0-0 Be7 7. Bxe4 Bxe4 8. d5 Bf6 9. Re1 Na6 10. Nbd2 exd5 11. Nd4 0-0 12. f3 Bg6 13. cxd5 Bxd4 14. exd4 Nb4 15. Ne4 Nxd5 16. Qb3 c6 17. Nc3 Qh4 18. Qd1 Rfe8 19. Rxe8+ Rxe8 20. g3 Qh5 21. Nxd5 Qxd5 22. Bf4 Qc4 23. Kf2 c5 24. dxc5 Qxc5+ 25. Kg2 Qb5 26. b3 Re2+ 27. Kh1 Bh5 28. Qf1 Qd5 29. Re1 Bxf3+ 30. Kg1 Qd4+ 0-1

[Event "Ankara Baskent Univ op 2nd"]
[Site "Ankara"]
[Date "2017.06.30"]
[Round "1"]
[White "Ali Marandi, Cemil Can"]
[Black "Aslan, Cagla Yaren"]
[Result "1-0"]
[WhiteElo "2496"]
[BlackElo "1848"]
[PlyCount "117"]
[EventDate "2017.06.30"]
[EventType "swiss"]
[EventRounds "9"]
[EventCountry "TUR"]
[SourceTitle "CBM 179 Extra"]
[Source "ChessBase"]
[SourceDate "2017.08.23"]
[SourceVersion "1"]
[SourceVersionDate "2017.08.23"]
[SourceQuality "1"]

1. e4 c5 2. Nf3 e6 3. c3 d5 4. exd5 Qxd5 5. d4 Nc6 6. Na3 a6 7. Nc4 Qd8 8. Be3 b5 9. Nce5 Nxe5 10. Nxe5 Bb7 11. dxc5 Qc7 12. c6 Bxc6 13. Nxc6 Qxc6 14. Be2 Rd8 15. Bd4 Nf6 16. 0-0 Bc5 17. a4 0-0 18. axb5 axb5 19. Qb3 Bxd4 20. cxd4 Qd5 21. Qxb5 Rb8 22. Qxd5 Nxd5 23. Ra2 Rb4 24. Rd1 Rfb8 25. Rd2 g6 26. g3 Nb6 27. Ra7 Ra4 28. Rc7 Nd5 29. Rc4 Ra1+ 30. Kg2 Rb1 31. Bf3 Ne7 32. Rcc2 Rb4 33. g4 Kg7 34. Rc7 Nd5 35. Bxd5 exd5 36. Rc5 R4xb2 37. Rxb2 Rxb2 38. Rxd5 Kf6 39. Re5 Rd2 40. g5+ Kg7 41. Re4 h6 42. h4 f6 43. Re7+ Kg8 44. gxh6 Rxd4 45. Rg7+ Kh8 46. Rxg6 f5 47. Kg3 Kh7 48. h5 Ra4 49. f3 Ra1 50. Kf4 Rf1 51. Rg3 Rh1 52. Kg5 Rh2 53. f4 Rh1 54. Kxf5 Rxh5+ 55. Kf6 Rxh6+ 56. Kf7 Kh8 57. f5 Rh1 58. f6 Rh2 59. Kf8 1-0

[Event "TUR-ch (Women)"]
[Site "Aksu"]
[Date "2017.03.09"]
[Round "7"]
[White "Aslan, Cagla Yaren"]
[Black "Gokbulut, Julia"]
[Result "1-0"]
[WhiteElo "1853"]
[BlackElo "2016"]
[PlyCount "93"]
[EventDate "2017.03.06"]
[EventType "swiss"]
[EventRounds "9"]
[EventCountry "TUR"]
[SourceTitle "CBM 177 Extra"]
[Source "ChessBase"]
[SourceDate "2017.04.27"]
[SourceVersion "1"]
[SourceVersionDate "2017.04.27"]
[SourceQuality "1"]

1. e4 e6 2. d3 d5 3. Qe2 dxe4 4. dxe4 c5 5. g3 Nc6 6. Nf3 Nf6 7. Bg2 Be7 8. 0-0 Qc7 9. e5 Nd7 10. Bf4 h6 11. h4 Rg8 12. Qe4 Nf8 13. Na3 Bd7 14. Rfd1 0-0-0 15. c3 Ng6 16. Nb5 Qb6 17. Nd6+ Bxd6 18. Rxd6 Nxf4 19. Qxf4 Qxb2 20. Rad1 Rgf8 21. Qc4 Qb6 22. Qe4 Qc7 23. Qg4 g6 24. Qf4 Ne7 25. Bh3 Nf5 26. Bxf5 exf5 27. Qxh6 Bc6 28. Ng5 Qe7 29. Qg7 Rde8 30. f4 c4 31. e6 fxe6 32. Qxe7 Rxe7 33. Nxe6 Rxe6 34. Rxe6 Be8 35. Re7 Bc6 36. Rd6 Be4 37. Rxg6 Rd8 38. h5 Rd1+ 39. Kf2 Kd8 40. Rh7 Bd5 41. Rd6+ Kc8 42. Rhd7 Rd2+ 43. Ke1 Rh2 44. Rxd5 Rxh5 45. Rg7 Rh1+ 46. Kd2 Rh2+ 47. Ke3 1-0

[Event "TUR-ch (Women)"]
[Site "Aksu"]
[Date "2017.03.08"]
[Round "5"]
[White "Aslan, Cagla Yaren"]
[Black "Atalik, Ekaterina"]
[Result "0-1"]
[WhiteElo "1853"]
[BlackElo "2435"]
[PlyCount "128"]
[EventDate "2017.03.06"]
[EventType "swiss"]
[EventRounds "9"]
[EventCountry "TUR"]
[SourceTitle "CBM 177 Extra"]
[Source "ChessBase"]
[SourceDate "2017.04.27"]
[SourceVersion "1"]
[SourceVersionDate "2017.04.27"]
[SourceQuality "1"]

1. d4 Nf6 2. Bf4 g6 3. Nc3 d5 4. Nf3 Bg7 5. e3 0-0 6. Nb5 Na6 7. c4 c5 8. Rc1 Be6 9. Ng5 Bg4 10. Be2 Bxe2 11. Qxe2 Qa5+ 12. Nc3 cxd4 13. exd4 dxc4 14. Qxc4 Qf5 15. Be3 Rac8 16. Qb3 Ng4 17. Nf3 Nxe3 18. fxe3 Bh6 19. e4 Qa5 20. Rd1 Qb4 21. Qxb4 Nxb4 22. Kf2 f5 23. Rhe1 fxe4 24. Rxe4 Rfe8 25. a3 Nc6 26. Rde1 Kf8 27. d5 Na5 28. Ne5 Bg7 29. Nb5 Bxe5 30. Rxe5 Nc4 31. R5e2 a6 32. Nd4 Nd6 33. Ne6+ Kg8 34. Nd4 Rf8+ 35. Kg1 Rc4 36. Ne6 Rf5 37. Rf1 Rxf1+ 38. Kxf1 Rc1+ 39. Kf2 Rd1 40. Nc7 Kf7 41. g4 Nb5 42. Nxb5 axb5 43. Ke3 Rxd5 44. Ke4 Ke6 45. Rc2 Rd1 46. Ke3 Kd6 47. Rc8 Rh1 48. Rc2 g5 49. Rf2 Re1+ 50. Kf3 Re5 51. h4 gxh4 52. Kf4 h5 53. Rh2 hxg4 54. Kxg4 Re4+ 55. Kf3 Rc4 56. Ke3 Rg4 57. Kf3 Rg3+ 58. Kf4 Rb3 59. Ke4 h3 60. Rd2+ Ke6 61. Re2 Kf6 62. Kf4 e5+ 63. Ke4 Kg5 64. Kxe5 Kg4 0-1

[Event "EU-ch U18 Girls 25th"]
[Site "Porec"]
[Date "2015.09.30"]
[Round "9"]
[White "Pastuszko, Kinga"]
[Black "Aslan, Cagla Yaren"]
[Result "1-0"]
[WhiteElo "2073"]
[BlackElo "1755"]
[PlyCount "103"]
[EventDate "2015.09.21"]
[EventType "swiss"]
[EventRounds "9"]
[EventCountry "CRO"]
[SourceTitle "EXT 2016"]
[Source "ChessBase"]
[SourceDate "2015.10.08"]
[SourceVersion "1"]
[SourceVersionDate "2015.10.08"]
[SourceQuality "1"]

1. e4 c5 2. Nf3 d6 3. d4 cxd4 4. Nxd4 Nf6 5. Nc3 g6 6. f4 Nc6 7. Nxc6 bxc6 8. e5 dxe5 9. Qxd8+ Kxd8 10. fxe5 Nd5 11. Nxd5 cxd5 12. Be3 Be6 13. 0-0-0 Kc7 14. Be2 Bg7 15. Bd4 f6 16. exf6 Bxf6 17. Bxf6 exf6 18. Bf3 Rad8 19. Rhe1 Rd6 20. Rd4 Rhd8 21. Re3 Rc6 22. Red3 Bf5 23. Rd2 Re8 24. Rxd5 Re1+ 25. Bd1 Be6 26. Ra5 Kb6 27. Ra4 a5 28. b3 h5 29. Kb2 Bf5 30. Bf3 Rc5 31. Rad4 Kc7 32. Rd5 Re5 33. c4 Rcxd5 34. Rxd5 Rxd5 35. Bxd5 g5 36. a3 Bd7 37. b4 axb4 38. axb4 f5 39. Kc3 h4 40. Kd4 g4 41. Ke5 Kb6 42. g3 h3 43. Bf7 Ba4 44. c5+ Kc7 45. Kxf5 Bd1 46. Bh5 Kc6 47. Bxg4 Bc2+ 48. Ke5 Kb5 49. Bxh3 Bd3 50. Bd7+ Kxb4 51. c6 Bb5 52. Kd6 1-0

[Event "EU-ch U18 Girls 25th"]
[Site "Porec"]
[Date "2015.09.29"]
[Round "8"]
[White "Aslan, Cagla Yaren"]
[Black "Mammadova, Narmin Fazahir Qizi"]
[Result "0-1"]
[WhiteElo "1755"]
[BlackElo "2223"]
[PlyCount "86"]
[EventDate "2015.09.21"]
[EventType "swiss"]
[EventRounds "9"]
[EventCountry "CRO"]
[SourceTitle "EXT 2016"]
[Source "ChessBase"]
[SourceDate "2015.10.08"]
[SourceVersion "1"]
[SourceVersionDate "2015.10.08"]
[SourceQuality "1"]

1. e4 e6 2. d3 d5 3. Nd2 c5 4. Ngf3 Nf6 5. g3 g6 6. Bg2 Bg7 7. 0-0 0-0 8. Re1 Nc6 9. Qe2 a5 10. Nf1 b6 11. e5 Nd7 12. Bf4 Bb7 13. c3 a4 14. h4 b5 15. h5 b4 16. c4 Na5 17. hxg6 fxg6 18. Ng5 Qe7 19. cxd5 exd5 20. e6 Nf6 21. Nf7 Ra6 22. Bh3 Re8 23. Ne3 Bc8 24. Ng4 Nxg4 25. Bxg4 Nb7 26. Bg5 Qc7 27. Qf3 Bxe6 28. Nh6+ Bxh6 29. Bxh6 Qf7 30. Bxe6 Raxe6 31. Rxe6 Rxe6 32. Qd1 Qe8 33. Qf3 Qf7 34. Qd1 Nd6 35. Bf4 Nf5 36. Qxa4 Nd4 37. Kf1 g5 38. Bxg5 Qf5 39. Qa8+ Kg7 40. Kg2 Qxg5 41. Rh1 Re7 42. a4 Qf5 43. Qa6 Qf3+ 0-1

[Event "TUR-chT"]
[Site "Kocaeli"]
[Date "2014.08.29"]
[Round "13.5"]
[White "Aslan, Cagla Yaren"]
[Black "Patel, Yesim"]
[Result "0-1"]
[WhiteElo "1760"]
[BlackElo "1882"]
[PlyCount "138"]
[EventDate "2014.08.18"]
[EventType "team-tourn"]
[EventRounds "13"]
[EventCountry "TUR"]
[SourceTitle "CBM 162 Extra"]
[Source "ChessBase"]
[SourceDate "2014.10.17"]
[SourceVersion "1"]
[SourceVersionDate "2014.10.17"]
[SourceQuality "1"]
[WhiteTeam "Akdeniz Belediyesi"]
[BlackTeam "Denizsu Aquamatch"]
[WhiteTeamCountry "TUR"]
[BlackTeamCountry "TUR"]

1. e4 c5 2. Nf3 Nc6 3. d3 g6 4. g3 Bg7 5. Bg2 e5 6. 0-0 Nge7 7. Nbd2 0-0 8. Nc4 d6 9. a4 Rb8 10. c3 b6 11. h4 d5 12. exd5 Nxd5 13. Re1 Re8 14. Ng5 Bb7 15. Ne4 Re6 16. Bg5 f6 17. Bd2 Nc7 18. Qb3 h6 19. Ned6 Na5 20. Nxb7 Nxb3 21. Nxd8 Rxd8 22. Rad1 Nxd2 23. Rxd2 h5 24. Bh3 Ree8 25. Rdd1 Kf7 26. Bg2 Re7 27. b4 cxb4 28. cxb4 Red7 29. a5 b5 30. Nb2 Bf8 31. Re4 Nd5 32. Rf1 Bxb4 33. a6 Bc3 34. Rb1 Bd4 35. Nd1 b4 36. Re2 Nc3 37. Nxc3 Bxc3 38. f4 exf4 39. gxf4 Rxd3 40. Be4 Rd1+ 41. Kg2 f5 42. Rxd1 Rxd1 43. Bc2 Rd2 44. Bb3+ Kf6 45. Rxd2 Bxd2 46. Kg3 Be1+ 47. Kh3 Ke7 48. Bd5 Bc3 49. Kg3 Bf6 50. Bg8 Kd6 51. Bf7 Kc5 52. Bxg6 b3 53. Bxf5 Kd4 54. Bg6 b2 55. Kf3 Kc3 56. Ke3 Bxh4 57. Bb1 Bf6 58. f5 h4 59. Be4 h3 60. Kf3 h2 61. Kg2 Be5 62. f6 Bxf6 63. Kxh2 Kd2 64. Kg3 Kc1 65. Kf4 Bd4 66. Kf5 b1Q 67. Bxb1 Kxb1 68. Ke4 Bb6 69. Kd3 Kb2 0-1

[Event "Wch U20 Girls 31st"]
[Site "Kocaeli"]
[Date "2013.09.25"]
[Round "12"]
[White "Aslan, Cagla Yaren"]
[Black "Urbonaviciute, Zivile"]
[Result "1-0"]
[WhiteElo "1697"]
[BlackElo "1826"]
[PlyCount "58"]
[EventDate "2013.09.13"]
[EventType "swiss"]
[EventRounds "13"]
[EventCountry "TUR"]
[SourceTitle "CBM 156 Extra"]
[Source "ChessBase"]
[SourceDate "2013.10.22"]
[SourceVersion "1"]
[SourceVersionDate "2013.10.22"]
[SourceQuality "1"]

1. e4 c5 2. Nf3 e6 3. d3 Nc6 4. g3 g6 5. Bg2 Bg7 6. 0-0 d6 7. Re1 Nge7 8. Nbd2 0-0 9. Nf1 a6 10. h4 f5 11. exf5 exf5 12. h5 Qc7 13. c3 Ne5 14. hxg6 N7xg6 15. Ne3 Qd8 16. Nd5 Rb8 17. Be3 Nf7 18. Qb3 Kh8 19. Re2 b5 20. Rae1 Nfe5 21. Nxe5 Nxe5 22. Nf4 Ng4 23. Bc1 Be5 24. Qd1 Qf6 25. d4 cxd4 26. cxd4 Bxd4 27. Nh5 Nxf2 28. Rxf2 Bxf2+ 29. Kxf2 Qg6 1-0

[Event "Wch U20 Girls 31st"]
[Site "Kocaeli"]
[Date "2013.09.17"]
[Round "5"]
[White "Fuentes Godoy, Lilia Ivonne"]
[Black "Aslan, Cagla Yaren"]
[Result "1/2-1/2"]
[WhiteElo "1829"]
[BlackElo "1697"]
[PlyCount "99"]
[EventDate "2013.09.13"]
[EventType "swiss"]
[EventRounds "13"]
[EventCountry "TUR"]
[SourceTitle "CBM 156 Extra"]
[Source "ChessBase"]
[SourceDate "2013.10.22"]
[SourceVersion "1"]
[SourceVersionDate "2013.10.22"]
[SourceQuality "1"]

1. g3 g6 2. Bg2 Bg7 3. e4 c5 4. d3 d6 5. c3 e6 6. Be3 Nc6 7. Qd2 b5 8. e5 Bb7 9. exd6 Qxd6 10. Na3 a6 11. Ne2 Nge7 12. 0-0 Nf5 13. Rad1 0-0 14. Nc2 Rfd8 15. d4 cxd4 16. Nexd4 Nxe3 17. fxe3 e5 18. Qf2 Qc7 19. Bxc6 Bxc6 20. Nxc6 Rxd1 21. Rxd1 Qxc6 22. Nb4 Qe6 23. e4 f5 24. Qf3 Rc8 25. exf5 gxf5 26. Qd5 Qxd5 27. Rxd5 Ra8 28. Rd6 a5 29. Nc6 b4 30. cxb4 axb4 31. Rd8+ Rxd8 32. Nxd8 e4 33. b3 h5 34. Ne6 Be5 35. Kf2 Kf7 36. Nd8+ Kf6 37. h3 Bd4+ 38. Kg2 f4 39. gxf4 Kf5 40. Kf1 Kxf4 41. Ke2 Kf5 42. Nb7 Kf4 43. Nd6 Bc5 44. Nc4 e3 45. Nb2 Ke4 46. Nc4 h4 47. Nb2 Bd4 48. Nd3 Bc3 49. Nc5+ Kf4 50. Nd3+ 1/2-1/2

[Event "Wch U20 Girls 31st"]
[Site "Kocaeli"]
[Date "2013.09.13"]
[Round "1"]
[White "Ivana Maria, Furtado"]
[Black "Aslan, Cagla Yaren"]
[Result "1-0"]
[WhiteElo "2134"]
[BlackElo "1697"]
[PlyCount "71"]
[EventDate "2013.09.13"]
[EventType "swiss"]
[EventRounds "13"]
[EventCountry "TUR"]
[SourceTitle "CBM 156 Extra"]
[Source "ChessBase"]
[SourceDate "2013.10.22"]
[SourceVersion "1"]
[SourceVersionDate "2013.10.22"]
[SourceQuality "1"]

1. d4 Nf6 2. c4 g6 3. Nf3 Bg7 4. g3 0-0 5. Bg2 c5 6. Nc3 cxd4 7. Nxd4 Nc6 8. 0-0 Nxd4 9. Qxd4 d6 10. Qh4 a6 11. Bg5 Re8 12. Rad1 Qb6 13. b3 Qa5 14. Bd2 Qc7 15. Rc1 Bd7 16. Bg5 Bc6 17. Nd5 Bxd5 18. cxd5 Qa5 19. a4 Nxd5 20. b4 Nxb4 21. Bd2 Qxa4 22. Qxb4 Qxb4 23. Bxb4 Rab8 24. Rc7 b6 25. Rfc1 a5 26. Bd2 Bf6 27. Be3 a4 28. Bc6 Rec8 29. Bxa4 Rxc7 30. Rxc7 d5 31. Bc6 d4 32. Bd2 e5 33. Bd5 Rd8 34. Bxf7+ Kf8 35. Bc4 Be7 36. Bh6+ 1-0

[Event "TUR-chT"]
[Site "Denizli"]
[Date "2013.07.08"]
[Round "11.8"]
[White "Mutlu, Beste"]
[Black "Aslan, Cagla Yaren"]
[Result "0-1"]
[WhiteElo "1645"]
[BlackElo "1626"]
[PlyCount "102"]
[EventDate "2013.06.29"]
[EventType "team-tourn"]
[EventRounds "13"]
[EventCountry "TUR"]
[SourceTitle "CBM 155 Extra"]
[Source "ChessBase"]
[SourceDate "2013.08.26"]
[SourceVersion "1"]
[SourceVersionDate "2013.08.26"]
[SourceQuality "1"]
[WhiteTeam "Ezgi Kulubu"]
[BlackTeam "Akdeniz Belediyesi"]
[WhiteTeamCountry "TUR"]
[BlackTeamCountry "TUR"]

1. e4 c5 2. Nf3 d6 3. d4 cxd4 4. Qxd4 Bd7 5. Be3 Nc6 6. Qd2 Nf6 7. Nc3 a6 8. Be2 g6 9. 0-0 Bg7 10. Bh6 0-0 11. Bxg7 Kxg7 12. Rfe1 b5 13. Qf4 e5 14. Qh4 b4 15. Nd5 Nxd5 16. Qxd8 Rfxd8 17. exd5 Ne7 18. Red1 Rdc8 19. Rd2 h6 20. h3 Rc5 21. Rad1 Bb5 22. Bf1 Bxf1 23. Kxf1 Rac8 24. Ne1 Ra5 25. Nd3 Rxa2 26. Nxb4 Rxb2 27. Nxa6 Rcxc2 28. Rxc2 Rxc2 29. g4 g5 30. Rd3 Ng6 31. Nb4 Rc1+ 32. Ke2 Nf4+ 33. Kd2 Nxd3 34. Nxd3 Rh1 35. Nb2 Kf8 36. Nc4 Ke7 37. Ne3 Rxh3 38. Nf5+ Kd7 39. Ke2 h5 40. gxh5 Rxh5 41. Ng3 Rh4 42. Ke3 Ra4 43. Ne4 g4 44. Nf6+ Ke7 45. Ng8+ Kf8 46. Nf6 Rf4 47. Nh5 Rf3+ 48. Ke2 f5 49. Nf6 Ke7 50. Nh7 Ra3 51. Ng5 Ra5 0-1

[Event "TUR-ch (Women)"]
[Site "Konya"]
[Date "2010.07.11"]
[Round "4"]
[White "Aslan, Cagla Yaren"]
[Black "Borekcioglu, Zeynep Dilara"]
[Result "0-1"]
[WhiteElo "1572"]
[BlackElo "1673"]
[PlyCount "72"]
[EventDate "2010.07.10"]
[EventType "swiss"]
[EventRounds "9"]
[EventCountry "TUR"]
[SourceTitle "CBM 137 Extra"]
[Source "ChessBase"]
[SourceDate "2010.09.01"]
[SourceVersion "1"]
[SourceVersionDate "2010.09.01"]
[SourceQuality "1"]

1. e4 c5 2. Nf3 Nc6 3. d4 cxd4 4. Nxd4 g6 5. Nc3 Bg7 6. Be3 Nf6 7. Bc4 0-0 8. f3 Qb6 9. Qd2 Nxe4 10. Nxc6 Nxd2 11. Nxe7+ Kh8 12. Bxb6 Nxc4 13. Bc5 d6 14. Bf2 Nxb2 15. Ned5 Be6 16. Rb1 Rac8 17. Rxb2 Bxd5 18. Nxd5 Bxb2 19. c3 f6 20. Bd4 Kg7 21. Kd2 Ba3 22. Rb1 b6 23. Re1 Bc5 24. Re7+ Rf7 25. Bxf6+ Kf8 26. Re4 Re8 27. Kd3 Rxe4 28. Kxe4 Ke8 29. Kf4 Kd7 30. Kg5 Ba3 31. c4 Bc1+ 32. f4 b5 33. Kh6 bxc4 34. g3 Ke6 35. Bg7 Kxd5 36. h4 Be3 0-1

[Event "TUR-chT"]
[Site "Konya"]
[Date "2010.07.05"]
[Round "9"]
[White "Aslan, Cagla Yaren"]
[Black "Alev, Gonulden Seda"]
[Result "0-1"]
[WhiteElo "1572"]
[BlackElo "1565"]
[PlyCount "116"]
[EventDate "2010.06.29"]
[EventType "team-tourn"]
[EventRounds "13"]
[EventCountry "TUR"]
[SourceTitle "CBM 137 Extra"]
[Source "ChessBase"]
[SourceDate "2010.09.01"]
[SourceVersion "1"]
[SourceVersionDate "2010.09.01"]
[SourceQuality "1"]

1. e4 c5 2. Nf3 d6 3. d4 cxd4 4. Nxd4 Nf6 5. Nc3 a6 6. Bg5 e5 7. Nb3 Be6 8. f4 Be7 9. f5 Bxb3 10. axb3 Nbd7 11. Qd2 Nc5 12. Bxf6 Bxf6 13. b4 Nd7 14. Qxd6 Be7 15. Qd5 Bxb4 16. Qxb7 Rb8 17. Qxa6 Bxc3+ 18. bxc3 Qh4+ 19. Kd1 Qxe4 20. Qd3 Qb7 21. Ke1 0-0 22. Kf2 Nf6 23. Be2 Ne4+ 24. Ke1 Rfd8 25. Qf3 Rd2 26. Rd1 Rxd1+ 27. Bxd1 Rd8 28. Rg1 Qd5 29. Qd3 Qxd3 30. cxd3 Rxd3 31. Bc2 Rxc3 32. Bxe4 Re3+ 33. Kf2 Rxe4 34. Rd1 h6 35. g3 Rc4 36. h3 Rc7 37. g4 Kf8 38. h4 Ke7 39. g5 hxg5 40. hxg5 Rc4 41. Ke3 Rg4 42. Rd5 f6 43. gxf6+ gxf6 44. Ra5 Rf4 45. Ra7+ Kf8 46. Rh7 Rxf5 47. Ra7 Rg5 48. Rh7 Rg7 49. Rh6 Kf7 50. Ke4 Rg5 51. Kf3 Kg7 52. Rh2 f5 53. Ra2 Rg6 54. Ra5 Re6 55. Ra2 e4+ 56. Kf4 Kf6 57. Ra5 e3 58. Rxf5+ Ke7 0-1

[Event "TUR-chT"]
[Site "Konya"]
[Date "2010.07.01"]
[Round "4"]
[White "Tandogan, Buket"]
[Black "Aslan, Cagla Yaren"]
[Result "0-1"]
[WhiteElo "1553"]
[BlackElo "1572"]
[PlyCount "72"]
[EventDate "2010.06.29"]
[EventType "team-tourn"]
[EventRounds "13"]
[EventCountry "TUR"]
[SourceTitle "CBM 137 Extra"]
[Source "ChessBase"]
[SourceDate "2010.09.01"]
[SourceVersion "1"]
[SourceVersionDate "2010.09.01"]
[SourceQuality "1"]

1. e4 c5 2. Nf3 d6 3. d4 cxd4 4. Nxd4 Nf6 5. Nc3 g6 6. Be3 Bg7 7. f3 0-0 8. Bc4 Nc6 9. Qd2 Bd7 10. 0-0-0 Rc8 11. Bb3 Ne5 12. h4 h5 13. g4 hxg4 14. h5 Nxh5 15. Rdg1 b5 16. Bh6 Rxc3 17. Bxg7 Rxc2+ 18. Qxc2 Kxg7 19. Kb1 Rh8 20. Qd1 a5 21. Bc2 gxf3 22. Nxf3 Bg4 23. Rxg4 Nxg4 24. Qd4+ Nhf6 25. Rd1 Qc7 26. Rc1 Qc5 27. Qd2 Qf2 28. Qd3 Qe3 29. Qxe3 Nxe3 30. Bd3 Rh5 31. Nd4 Rc5 32. Re1 Nc4 33. Nxb5 Nd2+ 34. Ka1 Ndxe4 35. Nd4 Nf2 36. Bf1 Rd5 0-1

[Event "TUR-chT"]
[Site "Konya"]
[Date "2010.06.30"]
[Round "3"]
[White "Sasmazel, Burcu"]
[Black "Aslan, Cagla Yaren"]
[Result "1-0"]
[WhiteElo "1876"]
[BlackElo "1572"]
[PlyCount "47"]
[EventDate "2010.06.29"]
[EventType "team-tourn"]
[EventRounds "13"]
[EventCountry "TUR"]
[SourceTitle "CBM 137 Extra"]
[Source "ChessBase"]
[SourceDate "2010.09.01"]
[SourceVersion "1"]
[SourceVersionDate "2010.09.01"]
[SourceQuality "1"]

1. e4 c5 2. Nc3 Nc6 3. g3 g6 4. Bg2 Bg7 5. d3 d6 6. f4 e6 7. Nf3 Nge7 8. 0-0 0-0 9. Be3 Nd4 10. e5 Nef5 11. Bf2 Nxf3+ 12. Qxf3 Nd4 13. Qd1 dxe5 14. fxe5 Bxe5 15. Ne4 f5 16. Nxc5 Qc7 17. b4 Nb5 18. d4 Rd8 19. c3 Bd6 20. Qb3 Kg7 21. a4 Nxc3 22. Qxc3 Rb8 23. Rac1 Kf7 24. Nxe6 1-0

[Event "TUR-chT"]
[Site "Konya"]
[Date "2010.06.29"]
[Round "1"]
[White "Patel, Yesim"]
[Black "Aslan, Cagla Yaren"]
[Result "1-0"]
[WhiteElo "1782"]
[BlackElo "1572"]
[PlyCount "97"]
[EventDate "2010.06.29"]
[EventType "team-tourn"]
[EventRounds "13"]
[EventCountry "TUR"]
[SourceTitle "CBM 137 Extra"]
[Source "ChessBase"]
[SourceDate "2010.09.01"]
[SourceVersion "1"]
[SourceVersionDate "2010.09.01"]
[SourceQuality "1"]

1. e4 c5 2. Nf3 d6 3. d4 cxd4 4. Nxd4 Nf6 5. Nc3 g6 6. Be3 Bg7 7. Bc1 Bf8 8. Be3 Bg7 9. f3 0-0 10. Bc4 Nc6 11. Qd2 Bd7 12. Bb3 Rc8 13. 0-0-0 Ne5 14. Kb1 Nc4 15. Bxc4 Rxc4 16. g4 b5 17. b3 Rc5 18. Ne6 Bxe6 19. Bxc5 Qc7 20. Bd4 Rb8 21. Rhe1 a5 22. e5 Ne8 23. exd6 Nxd6 24. Bxg7 Kxg7 25. Ne4 Nxe4 26. Rxe4 b4 27. Rd4 Qc5 28. Rd8 Rc8 29. Rxc8 Qxc8 30. Qd4+ Kg8 31. Qd8+ Qxd8 32. Rxd8+ Kg7 33. Kc1 Kf6 34. Kd2 Kg5 35. Ra8 Kf4 36. Rxa5 Kxf3 37. Ra4 Bxg4 38. Rxb4 f5 39. a4 Kg2 40. a5 Bf3 41. h4 e5 42. a6 Kf2 43. Ra4 e4 44. Ra1 e3+ 45. Kc3 e2 46. Kd2 h6 47. b4 Kg3 48. b5 Bd5 49. b6 1-0